000
00448nam a2200145Ia 4500
008
100122s9999 xx 000 0 und d
082
_b
55906
_a
338.64
100
_a
ठाकूर योगेंद्र
245
_a
उद्योजक व्हा
260
_b
आमोद प्रकाशन
_c
1998
300
_a
112
630
_a
उद्योजक व्हा
730
_a
उद्योजक व्हा
942
_c
BOOK
999
_c
432437
_d
432434